| 000 | 00454nam a22001697a 4500 | ||
|---|---|---|---|
| 003 | SGT | ||
| 020 | _a9788131230213 | ||
| 082 |
_a612.65 _bI25I |
||
| 100 | _aILLINGWORTH, RONALD.S. | ||
| 245 | _aILLINGWORTH'S THE DEVELOPMENT OF THE INFANT AND YOUNG CHILD | ||
| 250 | _a11TH | ||
| 260 |
_aNEW DELHI _bJAYPEE BRO. PUB. _c2025 |
||
| 300 | _a274 | ||
| 650 | _aPEDIATRICS | ||
| 653 | _aILLINGWORTH'S, DEVELOPMENT, INFANT , YOUNG, CHILD | ||
| 942 |
_2ddc _cBK |
||
| 999 |
_c34734 _d34734 |
||